Statistics for Biggest Cities in Landlocked States

Click here to take the quiz!

General Stats

  • This quiz has been taken 73 times
  • The average score is 15 of 19

Answer Stats

PopulationCity% Correct
2,704,594Chicago
100%
693,060Denver
95%
1,615,017Phoenix
93%
660,388Nashville
90%
481,420Kansas City
90%
855,164Indianapolis
89%
632,912Las Vegas
87%
638,367Oklahoma City
87%
672,795Detroit
85%
860,090Columbus
84%
616,261Louisville
82%
652,717Memphis
80%
595,047Milwaukee
79%
446,970Omaha
74%
530,706Tucson
70%
559,277Albuquerque
66%
1,567,872Philadelphia
64%
465,101Colorado Springs
62%
484,587Mesa
43%

Score Distribution

Percentile by Number Answered

Percent of People with Each Score

Your Score History

You have not taken this quiz